000 00380nam a2200145Ia 4500
008 240126s9999 xx 000 0 und d
041 _aEnglish
082 _aLIBRARY-VII
245 0 _aIndian Journal of Industrial Relations (2005 -
260 _bShri Ram Centre
_aNew Delhi
440 _aNULL
650 _aManagement
650 _aRelations,(2005,-,Management
942 _cJN
999 _c277302
_d277302